=LDR 00000nam 2200000 4500 =001 NUTBA000000000002155 =005 20230202123029 =035 ##$$a 0010-061400000000098 =007 ta =008 230202###########################0###### =020 ##$$a 978-979-27-7188-6 =082 ##$$a 153.9 =084 ##$$a 153.9 PAN w =245 1#$$a Whole Brain Training For Social Intelligent : $b Menggunakan Seluruh Otak Supaya Lepas dari Kesepian dan Pola Pikir Primitif /$c Pangkalan Ide =260 ##$$a Jakarta :$b Elex Media Komputindo,$c 2010 =300 ##$$a v, 278 hlm. : $b ilus. ; $c 21 cm =100 #$$a Pangkalan Ide =990 ##$$a 21400613/BPAP-NTB/20142014 =990 ##$$a 0001/BPAP-NTB/20142014